000 00831cam a2200265 i 4500
001 17599
003 BD-RjUL
005 20211209000151.0
008 140217r19951964ii 000 0 eng
020 _z014004437X
020 _a0140033009 :
035 _a(BD-RjUL)17657
040 _aDLC
_cDLC
_dDLC
_beng
041 _aeng
082 0 0 _a813.009
_bLAS 1995
100 1 _aLawrence, D. H.
_q(David Herbert),
_d1885-1930.
_953780
245 1 0 _aStudies in classic American literature /
_cD. H. Lawrence.
260 _anew delhi :
_batlantic publisher and distributer,
_c1995
300 _a187 p. ;
_c18 cm.
500 _aRepublication of the 1964 ed. published by Viking Press, New York.
650 0 _aAmerican literature
_xHistory and criticism.
_954248
942 _2ddc
_cBK
999 _c17599
_d17599